000
00213nam a22000857a 4500
008
170109b xxu||||| |||| 00| 0 eng d
100
_9
2283
_a
Goel.D.K.etal.
245
_a
Accountancy-XII
260
_a
New Delhi
_b
APC
_c
2011
999
_c
5180
_d
5180